000 00488nam a2200157Ia 4500
003 OSt
005 20200212152603.0
008 190216s9999||||xx |||||||||||||| ||und||
040 _coclc
082 _a346.07
_bPOT/T
100 _aPotti, L R
_9868
245 0 _aA Text Book Of Business Laws B B A /
_cL R Potti
260 _bYamuna Publications,
_c2003.
_aThiruvananthapuram:
650 _aBusiness Laws-Business Laws
942 _cBK
_2ddc
_h346.07
_iPOT/T
_k346.07
_mPOT/T
999 _c6338
_d6338